| 000 | 00586nam a2200205 a 4500 | ||
|---|---|---|---|
| 003 | OSt | ||
| 005 | 20160315110733.0 | ||
| 008 | 020226s1985 esp 001 spa d | ||
| 020 | _a84-473-0001-3 | ||
| 040 | _cBMC | ||
| 082 | _a833 | ||
| 100 | 1 |
_aSüskind, Patrick _932084 |
|
| 245 | 1 | 3 |
_aEl Perfume _b: historia de un asesino _cPatrick Süskind ; traducción de, Pilar Giralt Gorina |
| 260 |
_aBarcelona _bRBA _ccop.1992 |
||
| 300 |
_a223 p. _c21 cm |
||
| 490 |
_aNarrativa actual _v2 |
||
| 650 | 2 | 4 |
_929298 _aNovela alemana |
| 700 | 1 |
_922076 _aGiralt Gorina, Pilar |
|
| 942 |
_2ddc _cBK |
||
| 999 |
_c25038 _d25038 |
||